Normal view
MARC view
Entry Personal Name
001 - CONTROL NUMBER
- control field: 9518
003 - CONTROL NUMBER IDENTIFIER
- control field: BD-RjUL
005 - DATE AND TIME OF LATEST TRANSACTION
- control field: 20231012151231.0
008 - FIXED-LENGTH DATA ELEMENTS
- fixed length control field: 231012|| aca||aabn | a|a d
040 ## - CATALOGING SOURCE
- Original cataloging agency: BD-RjUL
- Transcribing agency: BD-RjUL
100 ## - HEADING--PERSONAL NAME
- Personal name: Lloyd, Christopher D
670 ## - SOURCE DATA FOUND
- Source citation: Work cat.: (BD-RjUL)82103: Burrough, P. A. author 9516, Principles of geographical information systems /